书目信息 |
| 题名: |
微生物学名词
|
|
| 作者: | 第二届微生物学名词审定委员会 | |
| 分册: | ||
| 出版信息: | 北京 科学出版社 2012 |
|
| 页数: | 195 | |
| 开本: | 26cm | |
| 丛书名: | ||
| 单 册: | ||
| 中图分类: | Q93-61 | |
| 科图分类: | ||
| 主题词: | 微生物学 | |
| 电子资源: | ||
| ISBN: | 7-03-035918-6 | |
| 000 | 00661nam0 2200181 450 | |
| 001 | 1735846483 | |
| 005 | 20170410095726.48 | |
| 010 | @a7-03-035918-6@b精装@d¥68.00 | |
| 100 | @a20170410d km y0chiy0120 ea | |
| 101 | 0 | @achi |
| 200 | 1 | @a微生物学名词@Awei sheng wu xue ming ci@f第二届微生物学名词审定委员会@Fdi er jie wei sheng wu xue ming ci shen ding wei yuan hui |
| 210 | @a北京@c科学出版社@d2012 | |
| 215 | @a195@d26cm | |
| 606 | 0 | @a微生物学 |
| 690 | @aQ93-61@v4 | |
| 701 | 0 | @a第二届微生物学名词审定委员会@Adi er jie wei sheng wu xue ming ci shen ding wei yuan hui |
| 801 | 0 | @aCN@b大连网信软件有限公司图书馆·11@c20170410 |
| 905 | @b6604340@dQ93-61@en3@f1 | |
| 微生物学名词/第二届微生物学名词审定委员会.-北京:科学出版社,2012 |
| 195;26cm |
| ISBN 7-03-035918-6(精装):¥68.00 |
| ● |
| 相关链接 |
|
|
|
|
正题名:微生物学名词
索取号:Q93-61/n3
 
预约/预借
| 序号 | 登录号 | 条形码 | 馆藏地/架位号 | 状态 | 备注 |
| 1 | 6604340 | 266043408 | 密集书库-生命科学系/ [索取号:Q93-61/n3] | 在馆 |